000 01180 a2200229 4500
003 NUST
005 20221021150237.0
010 _a 82016367
020 _a0201095904
040 _cNust
082 0 0 _a006.3,WIL
100 1 _aWilensky, Robert,
_9101116
245 1 0 _aPlanning and understanding :
_ba computational approach to human reasoning /
_cRobert Wilensky.
260 _aReading, Mass. :
_bAddison-Wesley Pub. Co. Advanced Book Program,
_c1983.
300 _axiv, 168 p. :
_c24 cm.
505 _aIntroduction (Page-1), Tenets of a Theory of Plans (Page-9), Planning in Everyday Situations (Page-19), Meta- Planning (Page-29), Explanation Driven Understanding (Page-41), Goal Relationships (Page-51), Negative Goal Relationships (Page-57), Reasoning about Goal Conflict (Page-71), Reasoning about Goal Competition (Page-89), Positive Goal Relationships (Page-113), Computer Implementation-Representation of Task Network (Page-127), Computer Implementation - Programs (Page-141).
650 0 _aArtificial intelligence.
650 0 _aProblem solving.
650 0 _aPsycholinguistics.
_9101117
650 0 _aReasoning (Psychology)
_9101118
942 _2ddc
_cBK
_k006.3,WIL
999 _c179819
_d179819